• 首页
  • 本馆介绍
  • 公告通知
  • 最新文献
  • 馆藏检索
  • 电子资源
  • 读者导购
  • 参考咨询
  • 我的图书馆
  • 登录
  • 详细信息显示
  • 放入我的书架
  • 预约/预借图书
  • 作者相关作品
  • 分类相关作品
  • 丛书相关作品
  • 出版社相关作品

书目信息

  • 表格格式
  • 工作单格式
  • 卡片格式
题名:
通信原理及系统实验、设计与制作
    
 
作者: 梅开乡 , 梅军进 , 吴勇平 主编
分册:  
出版信息: 北京   北京师范大学出版社  2018.5
页数: 209页
开本: 26cm
丛书名:
单 册:
中图分类: TN911 , TN914-33
科图分类:
主题词: 通信理论--高等职业教育--教材 , 通信系统--系统试验--高等职业教育--教材
电子资源:
ISBN: 978-7-303-23646-6
000 01213nam0 2200265 450
001 5617
005 20181016142020.47
010    @a978-7-303-23646-6@dCNY32.00
100    @a20180512d2018 em y0chiy0110 ea
101 0  @achi
102    @aCN@b110000
105    @ay z 000yy
200 1  @a通信原理及系统实验、设计与制作@9tong xin yuan li ji xi tong shi yan 、 she ji yu zhi zuo@f梅开乡,梅军进,吴勇平主编
210    @a北京@c北京师范大学出版社@d2018.5
215    @a209页@d26cm
330    @a本书力求注重学生在通信技术应用方面的职业能力、创造能力、设计能力和综合素质培养,通过4个方面的转移:即从验证性实验转移到加强基本技能训练的设计性综合性实验,从小单元局部电路为主的实验转移到多模块、综合系统实验,从单一的实验室内实验形式转移到课上课下,实验室内外的多元化实验形式,从教学计划中单一学生实验课程设计转移到为“全国大学生电子设计制作竟赛”,“练功夫、打基础、长智慧的实战”之中。
606 0  @a通信理论@x高等职业教育@j教材
606 0  @a通信系统@x系统试验@x高等职业教育@j教材
690    @aTN911@v5
690    @aTN914-33@v5
701  0 @a梅开乡@9mei kai xiang@4主编
701  0 @a梅军进@9mei jun jin@4主编
701  0 @a吴勇平@9wu yong ping@4主编
801  0 @aCN@b91CIP@c20180512
905    @aMuseLib@dTN911@e258
    
    通信原理及系统实验、设计与制作/梅开乡,梅军进,吴勇平主编.-北京:北京师范大学出版社,2018.5
    209页;26cm
    
    
    ISBN 978-7-303-23646-6:CNY32.00
    本书力求注重学生在通信技术应用方面的职业能力、创造能力、设计能力和综合素质培养,通过4个方面的转移:即从验证性实验转移到加强基本技能训练的设计性综合性实验,从小单元局部电路为主的实验转移到多模块、综合系统实验,从单一的实验室内实验形式转移到课上课下,实验室内外的多元化实验形式,从教学计划中单一学生实验课程设计转移到为“全国大学生电子设计制作竟赛”,“练功夫、打基础、长智慧的实战”之中。
●
相关链接 在E读中查询图书 在五车中查询图书 在当当中查询图书 在豆瓣中查询图书


正题名:通信原理及系统实验、设计与制作     索取号:TN911/258         预约/预借

序号 登录号 条形码 馆藏地/架位号 状态 备注
1 1130557   211305577   第二样本阅览室/ [索取号:TN911/258] 在馆    
2 1130558   211305586   第三借阅区/ [索取号:TN911/258] 在馆    
3 1130559   211305595   第三借阅区/ [索取号:TN911/258] 在馆    
唐山师范学院图书馆 欢迎您!
大连网信软件有限公司© 版权所有